Loading...
Science - Physics | 0 | 7 | 2 | 1 | 60 | 72 | 105.43 | 0 | 3 |
Social Science | 1 | 5 | 1 | 1 | 60 | 60 | 100.50 | 1 | 5 |
Philosophy | 0 | 5 | 0 | 2 | 50 | 77 | 108.20 | 0 | 2 |
Science - Other Science | 2 | 3 | 2 | 1 | 50 | 31 | 77.60 | 3 | 4 |
Science - Chemistry | 0 | 4 | 2 | 0 | 30 | 75 | 102.50 | 0 | 1 |
Auditory Arts | 0 | 3 | 1 | 0 | 25 | 79 | 101.33 | 0 | 2 |
Other Academic | 1 | 1 | 0 | 0 | 25 | 72 | 73.00 | 0 | 2 |
Science - Biology | 0 | 2 | 0 | 1 | 20 | 105 | 115.00 | 0 | 0 |
History - European History | 0 | 1 | 0 | 0 | 10 | 67 | 67.00 | 0 | 1 |
Literature - American Literature | 0 | 1 | 0 | 0 | 10 | 118 | 118.00 | 0 | 0 |
Beliefs | 0 | 1 | 1 | 0 | 5 | 120 | 120.00 | 0 | 0 |